[Event "Karlsruhe Grenke op"]
[Site "Karlsruhe"]
[Date "2024.03.30"]
[Round "5"]
[White "Trifan, Andrei Ioan"]
[Black "Saraci, Nderim"]
[Result "1/2-1/2"]
[WhiteElo "2294"]
[BlackElo "2450"]
[PlyCount "85"]
[EventDate "2024.03.28"]
[EventType "swiss"]
[EventRounds "9"]
[EventCountry "GER"]
[SourceTitle "CB14_2024"]
[SourceDate "2024.04.01"]
[SourceVersion "1"]
[SourceVersionDate "2024.04.01"]
[SourceQuality "1"]

1. Nf3 Nf6 2. c4 e6 3. g3 b6 4. Bg2 Bb7 5. 0-0 c5 6. b3 Be7 7. Bb2 0-0 8. Nc3 d6 9. e3 Nbd7 10. d4 cxd4 11. Nxd4 Bxg2 12. Kxg2 Qc7 13. h3 a6 14. Rc1 Rac8 15. Qe2 Rfe8 16. Rfd1 Bf8 17. Kg1 Qb7 18. Qf3 Qxf3 19. Nxf3 Rc7 20. g4 h6 21. Kf1 Rec8 22. Ke2 Nc5 23. Rg1 Nfe4 24. Nxe4 Nxe4 25. Nd2 Nc5 26. f4 b5 27. h4 bxc4 28. Rxc4 d5 29. Rcc1 Ne4 30. Nxe4 dxe4 31. h5 Rxc1 32. Rxc1 Rxc1 33. Bxc1 f5 34. gxf5 exf5 35. a4 g6 36. hxg6 Kg7 37. Bd2 Kxg6 38. Kf2 Kf7 39. Kg3 Be7 40. Kh3 Ke6 41. Kg3 Kd5 42. Kh3 Bd8 43. Kg3 1/2-1/2

[Event "Karlsruhe Grenke op"]
[Site "Karlsruhe"]
[Date "2024.03.29"]
[Round "2"]
[White "Saraci, Nderim"]
[Black "Butenandt, Svenja"]
[Result "1-0"]
[WhiteElo "2450"]
[BlackElo "2216"]
[PlyCount "39"]
[EventDate "2024.03.28"]
[EventType "swiss"]
[EventRounds "9"]
[EventCountry "GER"]
[SourceTitle "CB14_2024"]
[SourceDate "2024.04.01"]
[SourceVersion "1"]
[SourceVersionDate "2024.04.01"]
[SourceQuality "1"]

1. d4 Nf6 2. c4 e6 3. Nf3 c5 4. e3 cxd4 5. exd4 d5 6. Nc3 Nc6 7. Bd3 Bb4 8. 0-0 0-0 9. a3 Bxc3 10. bxc3 Na5 11. c5 b6 12. Bg5 bxc5 13. dxc5 Nb7 14. Ne5 Nxc5 15. Nc6 Qd6 16. Bxf6 gxf6 17. Qg4+ Kh8 18. Qh4 Nxd3 19. Qxf6+ Kg8 20. Ne7+ 1-0

[Event "EU-ch Blitz"]
[Site "Zagreb"]
[Date "2023.12.16"]
[Round "4"]
[White "Damjanovic, Stjepan"]
[Black "Saraci, Nderim"]
[Result "0-1"]
[WhiteElo "2149"]
[BlackElo "2461"]
[PlyCount "68"]
[EventDate "2023.12.16"]
[EventType "swiss (blitz)"]
[EventRounds "13"]
[EventCountry "CRO"]
[SourceTitle "CB51_2023"]
[SourceDate "2023.12.20"]
[SourceVersion "1"]
[SourceVersionDate "2023.12.20"]
[SourceQuality "1"]

1. b3 d5 2. Nf3 Nf6 3. Bb2 Bf5 4. e3 e6 5. Be2 h6 6. c4 c6 7. 0-0 Nbd7 8. d3 Be7 9. Nbd2 0-0 10. Qc2 Bh7 11. a3 a5 12. Qc3 Re8 13. Rfe1 Bf8 14. Bf1 e5 15. e4 dxe4 16. dxe4 Qb6 17. Bd3 Rad8 18. Bc2 Bc5 19. Re2 Nf8 20. h3 Ne6 21. Qxe5 Nd4 22. Bxd4 Bxd4 23. Qg3 Bxa1 24. e5 Bxc2 25. exf6 Bxf6 26. Rxe8+ Rxe8 27. Nf1 Qxb3 28. Ne3 Rxe3 29. fxe3 Qxe3+ 30. Kh1 Be4 31. Qb8+ Kh7 32. Qe8 Qc1+ 33. Ng1 Qc2 34. Qxf7 Qxg2# 0-1

[Event "EU-ch Blitz"]
[Site "Zagreb"]
[Date "2023.12.16"]
[Round "10"]
[White "Saraci, Nderim"]
[Black "Pultinevicius, Paulius"]
[Result "0-1"]
[WhiteElo "2461"]
[BlackElo "2584"]
[PlyCount "50"]
[EventDate "2023.12.16"]
[EventType "swiss (blitz)"]
[EventRounds "13"]
[EventCountry "CRO"]
[SourceTitle "CB51_2023"]
[SourceDate "2023.12.20"]
[SourceVersion "1"]
[SourceVersionDate "2023.12.20"]
[SourceQuality "1"]

1. d4 Nf6 2. c4 e6 3. Nf3 d5 4. Nc3 c6 5. Bg5 h6 6. Bxf6 Qxf6 7. e4 dxe4 8. Nxe4 Bb4+ 9. Nc3 0-0 10. a3 Bxc3+ 11. bxc3 c5 12. Bd3 Nc6 13. Be4 Rd8 14. Bxc6 bxc6 15. Qa4 cxd4 16. cxd4 c5 17. Qc6 Rb8 18. Qxc5 Bb7 19. Qe5 Qg6 20. Qg3 Qe4+ 21. Kd2 Ba6 22. Rhc1 Rb2+ 23. Kc3 Rdb8 24. Nd2 Qe2 25. Qd3 Qxd2+ 0-1

[Event "EU-ch Blitz"]
[Site "Zagreb"]
[Date "2023.12.16"]
[Round "6"]
[White "Uruci, Endrit"]
[Black "Saraci, Nderim"]
[Result "1-0"]
[WhiteElo "2338"]
[BlackElo "2461"]
[PlyCount "125"]
[EventDate "2023.12.16"]
[EventType "swiss (blitz)"]
[EventRounds "13"]
[EventCountry "CRO"]
[SourceTitle "CB51_2023"]
[SourceDate "2023.12.20"]
[SourceVersion "1"]
[SourceVersionDate "2023.12.20"]
[SourceQuality "1"]

1. e4 c5 2. Nf3 d6 3. d4 cxd4 4. Qxd4 Nc6 5. Bb5 Bd7 6. Bxc6 Bxc6 7. Bg5 h6 8. Bh4 Nf6 9. Nc3 e6 10. 0-0-0 Be7 11. Bg3 e5 12. Qd3 Qa5 13. Nd2 Rd8 14. f3 b5 15. Bh4 b4 16. Nb3 Qc7 17. Bxf6 bxc3 18. Bxe7 cxb2+ 19. Kxb2 Kxe7 20. Rd2 Rd7 21. Rhd1 Rhd8 22. Qa6 Rb8 23. Qa3 Bb5 24. Rd5 f6 25. Kc1 Bc4 26. Ra5 a6 27. h4 Qb6 28. Qa4 Rc7 29. Qa3 h5 30. Ra4 Qe3+ 31. Kb2 Bxb3 32. Qxd6+ Ke8 33. Qxc7 Bxa4+ 34. Qxb8+ Kf7 35. Qc7+ Kg6 36. Qc3 Qb6+ 37. Ka1 Qf2 38. Qd2 Qc5 39. Rb1 Bb5 40. Rb3 Bc4 41. Rc3 Qg1+ 42. Kb2 Qb6+ 43. Kc1 Qg1+ 44. Qd1 Qc5 45. Qf1 Bxf1 46. Rxc5 Bxg2 47. Rc3 f5 48. Rc6+ Kf7 49. exf5 Bxf3 50. Rxa6 Be4 51. Kd2 Bxf5 52. c4 Be4 53. Ke3 Bg2 54. c5 Ke7 55. Rg6 Bd5 56. Rxg7+ Ke6 57. Rg6+ Ke7 58. Rg5 Ke6 59. Rxh5 Bxa2 60. Rh8 Kd5 61. Rc8 Bb1 62. h5 Bf5 63. h6 1-0

[Event "EU-ch Rapid"]
[Site "Zagreb"]
[Date "2023.12.14"]
[Round "6"]
[White "Plat, Vojtech"]
[Black "Saraci, Nderim"]
[Result "1-0"]
[WhiteElo "2509"]
[BlackElo "2461"]
[PlyCount "109"]
[EventDate "2023.12.14"]
[EventType "swiss (rapid)"]
[EventRounds "11"]
[EventCountry "CRO"]
[SourceTitle "CB51_2023"]
[SourceDate "2023.12.20"]
[SourceVersion "1"]
[SourceVersionDate "2023.12.20"]
[SourceQuality "1"]

1. d4 Nf6 2. c4 e6 3. g3 d5 4. Bg2 dxc4 5. Qa4+ Bd7 6. Qxc4 Bc6 7. Nf3 Nbd7 8. Nc3 Be7 9. 0-0 0-0 10. Qd3 a6 11. Bf4 b5 12. Rac1 Bb7 13. Ng5 Bxg2 14. Kxg2 c5 15. dxc5 Nxc5 16. Qf3 b4 17. Nce4 Ncxe4 18. Nxe4 Nxe4 19. Qxe4 Qa5 20. Rfd1 Qxa2 21. Be5 Qa5 22. Rd7 Bf6 23. Bd6 Rfe8 24. Rcc7 Qd5 25. Qxd5 exd5 26. Bxb4 Bxb2 27. Rxd5 Rxe2 28. Ra7 Ree8 29. Rdd7 h6 30. Rxf7 Bd4 31. Rad7 a5 32. Ba3 Rad8 33. Rb7 Rb8 34. Rxb8 Rxb8 35. Rd7 Bc3 36. Rc7 Rb3 37. Bc1 a4 38. Ra7 Rb1 39. Ba3 Ra1 40. Bc5 Bb2 41. Be3 a3 42. g4 Bf6 43. Bc5 a2 44. Be3 Kf8 45. h4 Bxh4 46. Bd4 Bf6 47. Bxa1 Bxa1 48. Rxa2 Be5 49. Kf3 Kf7 50. Ke4 Bd6 51. Ra6 Ke6 52. f4 g6 53. f5+ gxf5+ 54. gxf5+ Ke7 55. f6+ 1-0

[Event "Skopje op"]
[Site "Skopje"]
[Date "2023.12.10"]
[Round "6"]
[White "Saraci, Nderim"]
[Black "Kanyamarala, Trisha"]
[Result "1/2-1/2"]
[WhiteElo "2461"]
[BlackElo "2184"]
[PlyCount "179"]
[EventDate "2023.12.06"]
[EventType "swiss"]
[EventRounds "9"]
[EventCountry "MKD"]
[SourceTitle "CB50_2023"]
[SourceDate "2023.12.13"]
[SourceVersion "1"]
[SourceVersionDate "2023.12.13"]
[SourceQuality "1"]

1. d4 Nf6 2. c4 e6 3. Nf3 d5 4. Nc3 Bb4 5. Bg5 h6 6. Bxf6 Qxf6 7. Qb3 c5 8. cxd5 exd5 9. e3 Nc6 10. dxc5 0-0 11. a3 Ba5 12. Be2 d4 13. exd4 Nxd4 14. Nxd4 Qxd4 15. 0-0 Qxc5 16. Bc4 Bf5 17. Rac1 Rac8 18. Bd5 b6 19. h3 Qe7 20. Qa4 Bxc3 21. Rxc3 Rxc3 22. bxc3 Rc8 23. c4 Rc5 24. Qb4 Qg5 25. Qe1 Rc8 26. Qe3 Qg6 27. Re1 Be6 28. Qf4 Re8 29. Re3 Qb1+ 30. Kh2 Qc1 31. Qe5 Qc2 32. Rg3 Qh7 33. f4 Bd7 34. Be4 g6 35. Qd4 Qg7 36. Qd3 Kh8 37. Bxg6 fxg6 38. Rxg6 Qf8 39. Qxd7 Qxf4+ 40. Rg3 Rg8 41. Qd3 Rxg3 42. Qxg3 Qxc4 43. Qb8+ Kh7 44. Qxa7+ Kg8 45. Qb8+ Kh7 46. Qb7+ Kg8 47. Qxb6 Qf4+ 48. Kg1 Qc1+ 49. Kf2 Qf4+ 50. Ke2 Qe4+ 51. Kf2 Qf4+ 52. Ke2 Qe4+ 53. Qe3 Qxg2+ 54. Ke1 Qh1+ 55. Kf2 Qh2+ 56. Kf1 Qd6 57. Ke2 Qh2+ 58. Kd1 Qh1+ 59. Kd2 Qd5+ 60. Qd3 Qa2+ 61. Ke3 Qe6+ 62. Kf2 Qf6+ 63. Kg1 Qa1+ 64. Kg2 Qb2+ 65. Kf3 Qf6+ 66. Ke4 Qg6+ 67. Kd4 Qd6+ 68. Ke3 Qe5+ 69. Kf3 Qf6+ 70. Kg3 Qe5+ 71. Kg2 Qb2+ 72. Kg1 Qa1+ 73. Kf2 Qb2+ 74. Kf3 Qf6+ 75. Ke3 Qe5+ 76. Qe4 Qc3+ 77. Kf4 Qxh3 78. a4 Qh4+ 79. Kf3 Qh1+ 80. Kf4 Qh4+ 81. Kf5 Qh5+ 82. Ke6 Qe8+ 83. Kf5 Qh5+ 84. Kf6 Qf7+ 85. Ke5 Qe7+ 86. Kf5 Qc5+ 87. Qe5 Qf2+ 88. Kg6 Qf7+ 89. Kxh6 Qf6+ 90. Qxf6 1/2-1/2

[Event "Skopje op"]
[Site "Skopje"]
[Date "2023.12.09"]
[Round "5"]
[White "Todev, Simeon"]
[Black "Saraci, Nderim"]
[Result "1/2-1/2"]
[WhiteElo "1999"]
[BlackElo "2461"]
[PlyCount "120"]
[EventDate "2023.12.06"]
[EventType "swiss"]
[EventRounds "9"]
[EventCountry "MKD"]
[SourceTitle "CB50_2023"]
[SourceDate "2023.12.13"]
[SourceVersion "1"]
[SourceVersionDate "2023.12.13"]
[SourceQuality "1"]

1. e4 c5 2. Nf3 d6 3. Bb5+ Nd7 4. 0-0 a6 5. Be2 Ngf6 6. d3 e6 7. Nbd2 Be7 8. c3 b5 9. Re1 Bb7 10. Nf1 Qc7 11. Ng3 d5 12. Bf1 dxe4 13. dxe4 Rd8 14. Qc2 h5 15. Bg5 Ng4 16. Bxe7 Kxe7 17. h3 h4 18. Ne2 Ngf6 19. Nc1 g5 20. Nh2 Ne5 21. Nd3 Nxd3 22. Bxd3 c4 23. e5 cxd3 24. exf6+ Kxf6 25. Qd2 Qf4 26. Rad1 Qxd2 27. Rxd2 Rd6 28. Re3 Rhd8 29. Ng4+ Ke7 30. f3 f6 31. Nf2 Bd5 32. b3 a5 33. Rexd3 a4 34. bxa4 bxa4 35. a3 Rc8 36. Rd4 Ra6 37. Nd1 Ra7 38. R2d3 Bb3 39. Nb2 e5 40. Rb4 Bc2 41. Re3 Rd7 42. Re2 Rxc3 43. Nxa4 Rd1+ 44. Kf2 Rc6 45. Nb2 Ra1 46. a4 Bf5 47. Re1 Rc2+ 48. Re2 Rcc1 49. Rb3 Be6 50. Rb7+ Ke8 51. Rd2 Bc8 52. Rb6 Ke7 53. Nd3 Rf1+ 54. Ke3 Rxa4 55. Nb4 Ra3+ 56. Ke2 Raa1 57. Nd5+ Kf7 58. Rxf6+ Kg7 59. Rb6 Ba6+ 60. Rxa6 Rfe1+ 1/2-1/2

[Event "Skopje op"]
[Site "Skopje"]
[Date "2023.12.08"]
[Round "3"]
[White "Camlar, Arda"]
[Black "Saraci, Nderim"]
[Result "1/2-1/2"]
[WhiteElo "2361"]
[BlackElo "2461"]
[PlyCount "21"]
[EventDate "2023.12.06"]
[EventType "swiss"]
[EventRounds "9"]
[EventCountry "MKD"]
[SourceTitle "CB50_2023"]
[SourceDate "2023.12.13"]
[SourceVersion "1"]
[SourceVersionDate "2023.12.13"]
[SourceQuality "1"]

1. Nc3 d5 2. e4 dxe4 3. Nxe4 e5 4. Nf3 f5 5. Ng3 e4 6. Ne5 Nf6 7. d4 Nbd7 8. Bg5 c6 9. c3 Nxe5 10. dxe5 Qxd1+ 11. Rxd1 1/2-1/2

[Event "FRM-chT 31st"]
[Site "Ohrid"]
[Date "2023.08.27"]
[Round "2.1"]
[White "Saraci, Nderim"]
[Black "Yakubboev, Nodirbek"]
[Result "0-1"]
[WhiteElo "2454"]
[BlackElo "2617"]
[PlyCount "84"]
[EventDate "2023.08.26"]
[EventType "team-tourn"]
[EventRounds "7"]
[EventCountry "MKD"]
[SourceTitle "EXT 2024"]
[Source "ChessBase"]
[SourceDate "2023.10.10"]
[SourceVersion "1"]
[SourceVersionDate "2023.10.10"]
[SourceQuality "1"]
[WhiteTeam "Kumanovo GSHK"]
[BlackTeam "Skopje Alkaloid"]
[WhiteTeamCountry "MKD"]
[BlackTeamCountry "MKD"]

1. d4 Nf6 2. c4 g6 3. Nc3 Bg7 4. Nf3 d6 5. g3 0-0 6. Bg2 c6 7. 0-0 Bf5 8. b3 Ne4 9. Bb2 Nxc3 10. Bxc3 Be4 11. e3 b5 12. Qe2 bxc4 13. Qxc4 Qb6 14. Rfc1 Nd7 15. Qe2 Qb7 16. Nd2 Bxg2 17. Kxg2 a5 18. Qf3 d5 19. Rab1 Rfc8 20. b4 axb4 21. Rxb4 Qa6 22. Rb2 e6 23. Rbc2 c5 24. dxc5 Rxc5 25. Bxg7 Rxc2 26. Rxc2 Kxg7 27. Qf4 e5 28. Qb4 Qd3 29. Qb3 Qxb3 30. Nxb3 Kf6 31. Nc5 Nxc5 32. Rxc5 Ke6 33. Rc2 d4 34. exd4 exd4 35. Rc6+ Ke5 36. Rc7 d3 37. Kf3 Rd8 38. Rc1 Kd4 39. Rc7 Rd6 40. Rxf7 Kc3 41. Rc7+ Kb2 42. Rb7+ Ka1 0-1

[Event "Spilimbergo op 21st"]
[Site "Spilimbergo"]
[Date "2023.08.15"]
[Round "9"]
[White "Czebe, Attila"]
[Black "Saraci, Nderim"]
[Result "1/2-1/2"]
[WhiteElo "2360"]
[BlackElo "2466"]
[PlyCount "118"]
[EventDate "2023.08.09"]
[EventType "swiss"]
[EventRounds "9"]
[EventCountry "ITA"]
[SourceTitle "CBM 215 Extra"]
[Source "ChessBase"]
[SourceDate "2023.09.30"]
[SourceVersion "1"]
[SourceVersionDate "2023.09.30"]
[SourceQuality "1"]

1. e4 c5 2. Nc3 Nc6 3. Bb5 g6 4. Bxc6 dxc6 5. d3 Bg7 6. f4 c4 7. Nge2 cxd3 8. cxd3 e5 9. fxe5 Bxe5 10. 0-0 Bg7 11. Qe1 Nf6 12. Qh4 0-0 13. Bg5 Qb6+ 14. d4 Ng4 15. h3 h6 16. Be7 g5 17. Qg3 Bxd4+ 18. Nxd4 Qxd4+ 19. Kh1 Re8 20. Bd6 Ne3 21. Rf3 Nc4 22. Rd1 Qg7 23. e5 Nxd6 24. exd6 Bd7 25. Re3 f5 26. Re7 Rxe7 27. dxe7 Qxe7 28. Qc7 Rd8 29. Qxb7 Kf8 30. Qxa7 Be6 31. Rxd8+ Qxd8 32. Qc5+ Kf7 33. Qxc6 Qd2 34. Qc7+ Kg6 35. Qe5 Kf7 36. Nb5 Bd7 37. a4 Qd1+ 38. Kh2 Qxa4 39. Nd4 f4 40. Qd6 Ke8 41. Ne6 Bxe6 42. Qxe6+ Kd8 43. Qxh6 Qb5 44. Qf6+ Kd7 45. Qd4+ Ke6 46. Qe4+ Kf6 47. b4 Qb8 48. Qc6+ Kf7 49. b5 Qe5 50. Qc4+ Kg7 51. Kg1 f3 52. Kf2 fxg2 53. Kxg2 Qe3 54. Qc2 Kh6 55. Qb2 Qe4+ 56. Kf2 Qf4+ 57. Ke1 Qe3+ 58. Kd1 Qd3+ 59. Kc1 Qe3+ 1/2-1/2

[Event "Spilimbergo op 21st"]
[Site "Spilimbergo"]
[Date "2023.08.14"]
[Round "8"]
[White "Saraci, Nderim"]
[Black "Klek, Hanna Marie"]
[Result "1-0"]
[WhiteElo "2466"]
[BlackElo "2286"]
[PlyCount "95"]
[EventDate "2023.08.09"]
[EventType "swiss"]
[EventRounds "9"]
[EventCountry "ITA"]
[SourceTitle "CBM 215 Extra"]
[Source "ChessBase"]
[SourceDate "2023.09.30"]
[SourceVersion "1"]
[SourceVersionDate "2023.09.30"]
[SourceQuality "1"]

1. d4 d5 2. c4 e6 3. Nf3 Nf6 4. g3 dxc4 5. Bg2 Bb4+ 6. Bd2 c5 7. 0-0 0-0 8. dxc5 Bxc5 9. Qc2 Nbd7 10. Na3 b6 11. Nxc4 Bb7 12. b4 Be7 13. Rac1 Be4 14. Qb2 b5 15. Na5 Nb6 16. Rfd1 Na4 17. Qe5 Bd6 18. Qd4 Qb6 19. Bg5 Qxd4 20. Rxd4 Bxf3 21. Bxf3 Be5 22. Rd3 Bb2 23. Rc7 Rad8 24. Rxa7 Rxd3 25. exd3 Bc3 26. Nc6 Nb2 27. Be3 Nxd3 28. Ra3 Ne5 29. Nxe5 Bxe5 30. Ra5 Nd5 31. Bxd5 exd5 32. Rxb5 Rd8 33. Bb6 Rd7 34. Kf1 f6 35. Ke2 Rb7 36. a4 Kf7 37. f4 Bb8 38. a5 Ba7 39. Kd3 f5 40. Kd4 Ke6 41. Kc5 Rc7+ 42. Kd4 Rb7 43. Kd3 g6 44. Rc5 Bxb6 45. Rc6+ Kd7 46. Rxb6 Rxb6 47. axb6 Kc6 48. Kd4 1-0

[Event "Spilimbergo op 21st"]
[Site "Spilimbergo"]
[Date "2023.08.11"]
[Round "4"]
[White "Saraci, Nderim"]
[Black "Budyi, Danylo"]
[Result "1-0"]
[WhiteElo "2466"]
[BlackElo "1975"]
[PlyCount "105"]
[EventDate "2023.08.09"]
[EventType "swiss"]
[EventRounds "9"]
[EventCountry "ITA"]
[SourceTitle "CBM 215 Extra"]
[Source "ChessBase"]
[SourceDate "2023.09.30"]
[SourceVersion "1"]
[SourceVersionDate "2023.09.30"]
[SourceQuality "1"]

1. d4 d5 2. c4 c6 3. Nf3 Nf6 4. g3 g6 5. Bg2 Bg7 6. 0-0 0-0 7. b3 Ne4 8. Bb2 Nd7 9. Nc3 Ndf6 10. Rc1 Re8 11. h3 Nxc3 12. Bxc3 Ne4 13. Bb2 Be6 14. e3 a5 15. a4 f6 16. Ne1 Bf7 17. Nd3 b6 18. Qc2 Rc8 19. Rfd1 Nd6 20. c5 Nb7 21. cxb6 Qxb6 22. Ba3 e5 23. Nc5 Nxc5 24. Bxc5 Qc7 25. Qc3 f5 26. dxe5 Bxe5 27. Bd4 Bd6 28. Bc5 Be5 29. Qd2 Bf6 30. b4 axb4 31. Qxb4 Rb8 32. Qe1 Rb2 33. a5 Ra8 34. Bb6 Rxb6 35. axb6 Qxb6 36. Qd2 Kg7 37. Qc2 d4 38. Qxc6 Qxc6 39. Bxc6 Rd8 40. exd4 Rxd4 41. Rxd4 Bxd4 42. Rd1 Be5 43. Rd7 Kf8 44. Bd5 Bxd5 45. Rxd5 Bf6 46. Rd7 Be7 47. Kg2 Kf7 48. Rb7 h6 49. Kf3 Kf6 50. Rb6+ Kg5 51. h4+ Kh5 52. Rb5 g5 53. hxg5 1-0

[Event "Biel HTO 56th"]
[Site "Biel"]
[Date "2023.07.25"]
[Round "8"]
[White "Saraci, Nderim"]
[Black "Aryan, Chopra"]
[Result "0-1"]
[WhiteElo "2472"]
[BlackElo "2626"]
[PlyCount "102"]
[EventDate "2023.07.17"]
[EventType "swiss"]
[EventRounds "10"]
[EventCountry "SUI"]
[SourceTitle "CBM 215 Extra"]
[Source "ChessBase"]
[SourceDate "2023.09.30"]
[SourceVersion "1"]
[SourceVersionDate "2023.09.30"]
[SourceQuality "1"]

1. d4 d5 2. Nf3 Nf6 3. c4 c6 4. cxd5 cxd5 5. Nc3 Nc6 6. Bf4 a6 7. e3 Bg4 8. Be2 e6 9. 0-0 Bd6 10. Bg3 Bxf3 11. Bxf3 Bxg3 12. hxg3 0-0 13. Rc1 Rc8 14. Na4 Nd7 15. Be2 Qe7 16. Qd2 Qb4 17. Qxb4 Nxb4 18. a3 Nc6 19. b4 Rc7 20. Nc5 Rfc8 21. Rb1 Kf8 22. Nxb7 Rxb7 23. Bxa6 Rcb8 24. Bxb7 Rxb7 25. Rfc1 Na7 26. e4 Ke7 27. exd5 exd5 28. a4 Nb6 29. Ra1 Nc4 30. b5 Kd7 31. Re1 Nc8 32. a5 Rxb5 33. a6 Na7 34. Rab1 Na3 35. Rxb5 N3xb5 36. Rc1 Kd6 37. Rd1 Kc7 38. Ra1 Kb6 39. Re1 Nc6 40. Re8 h5 41. Ra8 g6 42. f3 Nd6 43. Kf2 Nxd4 44. g4 hxg4 45. fxg4 Ne6 46. Kf3 Nc4 47. Kf2 Ne5 48. Kg3 d4 49. Kf2 Nxg4+ 50. Kf3 Ne5+ 51. Ke4 Nd7 0-1

[Event "Biel HTO 56th"]
[Site "Biel"]
[Date "2023.07.23"]
[Round "6"]
[White "Saraci, Nderim"]
[Black "Harikrishnan, A Ra"]
[Result "1-0"]
[WhiteElo "2472"]
[BlackElo "2406"]
[PlyCount "123"]
[EventDate "2023.07.17"]
[EventType "swiss"]
[EventRounds "10"]
[EventCountry "SUI"]
[SourceTitle "CBM 215 Extra"]
[Source "ChessBase"]
[SourceDate "2023.09.30"]
[SourceVersion "1"]
[SourceVersionDate "2023.09.30"]
[SourceQuality "1"]

1. Nf3 d5 2. d4 Nf6 3. c4 c6 4. Qc2 dxc4 5. Qxc4 Bf5 6. g3 e6 7. Bg2 Be7 8. 0-0 0-0 9. a4 a5 10. Nc3 Nbd7 11. Nh4 Bc2 12. Nd1 Be4 13. Bxe4 Nxe4 14. Nf3 Nef6 15. Nc3 Nd5 16. e4 Nb4 17. Bf4 Qb6 18. Rad1 Rac8 19. Qe2 Qa6 20. Qxa6 Nxa6 21. Nd2 Nb6 22. b3 Rfd8 23. Nc4 Nxc4 24. bxc4 Rd7 25. Be3 Rcd8 26. Rb1 Nb4 27. Rfc1 Bf6 28. Ne2 Kf8 29. Kf1 Ke8 30. e5 Be7 31. c5 Nd5 32. Nc3 Nb4 33. Ne4 Rd5 34. Rc4 f5 35. Nd6+ Bxd6 36. exd6 Rb8 37. Bf4 Kd7 38. Be5 g6 39. Ke2 b6 40. f4 Rb7 41. Rb3 Kc8 42. h3 Kb8 43. g4 Ka7 44. gxf5 exf5 45. h4 Na6 46. Rd3 Ka8 47. cxb6 Rxb6 48. h5 Rb2+ 49. Kd1 c5 50. hxg6 hxg6 51. Rh3 Rb6 52. Rh8+ Rb8 53. Rh7 Rb7 54. Rh6 Rb1+ 55. Kd2 Rg1 56. Rh7 Rb1 57. d7 Nb8 58. Kc2 Rb7 59. Rxc5 Rxc5+ 60. dxc5 Rxd7 61. Rh8 Rb7 62. c6 1-0

[Event "Biel HTO 56th"]
[Site "Biel"]
[Date "2023.07.20"]
[Round "4"]
[White "Saraci, Nderim"]
[Black "Deuer, Marius"]
[Result "0-1"]
[WhiteElo "2472"]
[BlackElo "2374"]
[PlyCount "122"]
[EventDate "2023.07.17"]
[EventType "swiss"]
[EventRounds "10"]
[EventCountry "SUI"]
[SourceTitle "CBM 215 Extra"]
[Source "ChessBase"]
[SourceDate "2023.09.30"]
[SourceVersion "1"]
[SourceVersionDate "2023.09.30"]
[SourceQuality "1"]

1. e4 c6 2. d4 d5 3. exd5 cxd5 4. Bd3 Nf6 5. c3 Bg4 6. Qb3 Qc7 7. h3 Bd7 8. Ne2 Nc6 9. 0-0 e6 10. Bf4 Bd6 11. Bxd6 Qxd6 12. Nd2 Rb8 13. a4 0-0 14. Nf3 Rfe8 15. Rfe1 g6 16. Qa3 Qc7 17. a5 Kg7 18. Ng3 e5 19. dxe5 Nxe5 20. Nxe5 Rxe5 21. Rxe5 Qxe5 22. Qc5 b6 23. axb6 axb6 24. Qb4 h5 25. Nf1 Qg5 26. Kh2 d4 27. cxd4 Bc6 28. Ne3 Re8 29. d5 Nxd5 30. Nxd5 Bxd5 31. Qd4+ Qe5+ 32. Qxe5+ Rxe5 33. Ra4 Bc6 34. Rb4 b5 35. Rd4 Kf6 36. f4 Re3 37. b4 Ke7 38. Kg1 Re1+ 39. Kf2 Rd1 40. g3 Rd2+ 41. Ke3 Rg2 42. Be4 Rxg3+ 43. Kf2 Rc3 44. Bxc6 Rxc6 45. Rd5 Rc4 46. Rxb5 Rxf4+ 47. Kg3 Rc4 48. h4 Ke6 49. Rb7 f6 50. b5 Rg4+ 51. Kh3 Rb4 52. b6 Kf5 53. Rb8 Rb3+ 54. Kg2 Kg4 55. b7 Rb2+ 56. Kg1 g5 57. hxg5 fxg5 58. Ra8 Rxb7 59. Ra4+ Kh3 60. Ra3+ Kh4 61. Ra4+ g4 0-1

[Event "Biel HTO 56th"]
[Site "Biel"]
[Date "2023.07.17"]
[Round "1"]
[White "Perkampus, Laurin"]
[Black "Saraci, Nderim"]
[Result "1/2-1/2"]
[WhiteElo "2197"]
[BlackElo "2472"]
[PlyCount "154"]
[EventDate "2023.07.17"]
[EventType "swiss"]
[EventRounds "10"]
[EventCountry "SUI"]
[SourceTitle "CBM 215 Extra"]
[Source "ChessBase"]
[SourceDate "2023.09.30"]
[SourceVersion "1"]
[SourceVersionDate "2023.09.30"]
[SourceQuality "1"]

1. d4 Nf6 2. c4 e6 3. Nc3 c5 4. d5 exd5 5. cxd5 d6 6. e4 g6 7. Nf3 Bg7 8. Be2 0-0 9. 0-0 Bg4 10. Bf4 Re8 11. h3 Bxf3 12. Bxf3 a6 13. a4 Bf8 14. Qd2 Nbd7 15. Rfe1 Rc8 16. g4 Ne5 17. Be2 c4 18. Be3 Ned7 19. f3 Nc5 20. Rad1 Nfd7 21. Kg2 Bg7 22. Bxc4 Nb6 23. Be2 Nbxa4 24. Nxa4 Nxa4 25. Bd4 Nc5 26. Bxg7 Kxg7 27. b4 Na4 28. Rc1 Qf6 29. Qa2 b5 30. Qd2 Rc3 31. Rxc3 Qxc3 32. Qxc3+ Nxc3 33. Bd3 Na2 34. Rb1 Rc8 35. Rb2 Nc3 36. Rc2 Kf6 37. f4 g5 38. Kf3 gxf4 39. Kxf4 Ke7 40. Kf5 f6 41. h4 h6 42. Kg6 a5 43. bxa5 b4 44. a6 Rg8+ 45. Kh7 Kf7 46. a7 Ra8 47. Rb2 Rxa7 48. Rxb4 Na4 49. Rb8 Nc5 50. Rg8 Ra4 51. Bb5 Rxe4 52. Rg7+ Kf8 53. Rg8+ Kf7 54. Rg7+ Kf8 55. Kxh6 Rb4 56. Bc6 f5 57. g5 Nd3 58. h5 Rh4 59. Ra7 Nf4 60. Ra8+ Ke7 61. g6 Kf6 62. Rf8+ Ke5 63. Kg7 Nxh5+ 64. Kf7 Rg4 65. Re8+ Kd4 66. Rh8 Rg5 67. Rxh5 Rxh5 68. Kf6 Rh1 69. Kxf5 Rf1+ 70. Ke6 Rg1 71. Kf7 Rf1+ 72. Ke6 Rg1 73. Kf7 Ke5 74. g7 Rf1+ 75. Ke7 Rg1 76. Kf7 Rf1+ 77. Ke7 Rg1 1/2-1/2

[Event "Lyon ECAM GM"]
[Site "Lyon"]
[Date "2023.04.10"]
[Round "1"]
[White "Barbot, Pierre"]
[Black "Saraci, Nderim"]
[Result "1-0"]
[WhiteElo "2442"]
[BlackElo "2463"]
[PlyCount "75"]
[EventDate "2023.04.10"]
[EventType "tourn"]
[EventRounds "9"]
[EventCountry "FRA"]
[EventCategory "9"]
[SourceTitle "EXT 2024"]
[Source "ChessBase"]
[SourceDate "2023.10.10"]
[SourceVersion "1"]
[SourceVersionDate "2023.10.10"]
[SourceQuality "1"]

1. d4 Nf6 2. c4 e6 3. Nf3 d5 4. g3 Be7 5. Bg2 0-0 6. 0-0 dxc4 7. Qc2 a6 8. a4 Bd7 9. Qxc4 Bc6 10. Bg5 Bd5 11. Qc2 Be4 12. Qc1 c5 13. dxc5 Nbd7 14. Nbd2 Bg6 15. b4 a5 16. c6 Rc8 17. bxa5 Qxa5 18. Qb2 bxc6 19. Nc4 Qa7 20. Nfe5 Nxe5 21. Nxe5 Nd5 22. Bxe7 Qxe7 23. Rfc1 Qd6 24. a5 c5 25. Nxg6 hxg6 26. a6 Ra8 27. e4 Nb4 28. e5 Qb6 29. Bxa8 Rxa8 30. Qc3 Rxa6 31. Rxa6 Nxa6 32. Qc4 g5 33. Qg4 Nb4 34. Qxg5 Nd3 35. Ra1 Qb8 36. Qe3 c4 37. Qe4 Nxf2 38. Qa8 1-0

[Event "EU-ch 23rd"]
[Site "Vrnjacka Banja"]
[Date "2023.03.13"]
[Round "11"]
[White "Saraci, Nderim"]
[Black "Costa, Leonardo"]
[Result "1/2-1/2"]
[WhiteElo "2469"]
[BlackElo "2364"]
[PlyCount "87"]
[EventDate "2023.03.03"]
[EventType "swiss"]
[EventRounds "11"]
[EventCountry "SRB"]
[SourceTitle "CBM 213"]
[Source "ChessBase"]
[SourceDate "2023.04.30"]
[SourceVersion "1"]
[SourceVersionDate "2023.04.30"]
[SourceQuality "1"]

1. Nf3 Nf6 2. g3 d5 3. Bg2 e6 4. 0-0 Be7 5. d4 b5 6. Nbd2 0-0 7. Nb3 a5 8. a4 b4 9. Ne5 Bb7 10. c4 bxc3 11. Qc2 cxb2 12. Bxb2 Nfd7 13. Nd3 Nc6 14. Rfc1 Bd6 15. e4 dxe4 16. Bxe4 Nxd4 17. Bxh7+ Kxh7 18. Nxd4 Kg8 19. Nc6 Qg5 20. h4 Qd5 21. Qc4 Qf3 22. Ne1 Qf5 23. Qd4 Qh7 24. Ba3 Ra6 25. Bxd6 cxd6 26. Qxd6 Rxc6 27. Qxd7 Rxc1 28. Rxc1 Qe4 29. Kf1 Ba6+ 30. Kg1 Bb7 31. Kf1 Qh1+ 32. Ke2 Ba6+ 33. Ke3 Bb7 34. Ke2 Bd5 35. Rc8 Qe4+ 36. Kd2 Qb4+ 37. Rc3 Qb2+ 38. Rc2 Qb4+ 39. Rc3 Bb7 40. Nd3 Qb6 41. Qb5 Qxb5 42. axb5 Rb8 43. Ra3 Bd5 44. Rxa5 1/2-1/2